EMMA - Pas besoin de toi [paroles] - Statistiques

Statistiques générales
  • Ce quiz a été pris 9 fois
  • Le résultat moyen est 61 sur 86
Statistiques - réponses
Hint Réponse % Correct
3 besoin
100%
14 c'est
100%
1 dans
100%
8 de
100%
3 la
100%
1 me
100%
3 moi
100%
8 pas
100%
4 qui
100%
4 toi
100%
1 à
83%
1 bras
83%
3 chance
83%
1 connais
83%
3 danse
83%
9 dégage
83%
9 dommage
83%
1 folle
83%
6 je
83%
11 le
83%
1 manipulations
83%
3 mène
83%
2 minimum
83%
80 na
83%
6 préfère
83%
9 que
83%
3 recommences
83%
1 rendue
83%
3 silences
83%
1 suis
83%
3 ta
83%
2 te
83%
2 tes
83%
3 tien
83%
3 tous
83%
5 tu
83%
1 attendre
67%
3 ça
67%
1 celle
67%
1 cette
67%
1 cinéma
67%
3 comme
67%
3 déjà
67%
1 est
67%
1 et
67%
3 eu
67%
1 fait
67%
1 fini
67%
2 fois
67%
1 homme
67%
5 j’ai
67%
1 jamais
67%
3 j’avais
67%
3 j’me
67%
1 j’mérite
67%
3 les
67%
2 maintenant
67%
1 plus
67%
1 réussi
67%
1 sache
67%
1 semblant
67%
1 serais
67%
6 temps
67%
2 tire
67%
1 ton
67%
1 tout
67%
1 un
67%
1 celui
50%
1 dérapes
50%
1 d’être
50%
1 efficace
50%
1 encore
50%
1 été
50%
2 lire
50%
1 option
50%
1 ou
50%
1
50%
1 tard
50%
3 t’as
50%
1 t’excuses
50%
1 trop
50%
2 une
50%
1 j’adopte
33%
1 oui
33%
2 qu’j’me
33%
10 yeah
33%
Aucun quiz correspondant
Distribution des résultats
% des personnes avec chaque résultat
Percentile par nombre de réponses
Votre historique - résultats
Vous n’avez pas pris ce quiz